000 01010 a2200169 4500
003 NUST
005 20230130160702.0
040 _cNust
082 _a920,WIT
100 _aWithers, Henry
_9108116
245 _aOliver Cromwell :
_bThe Champion of Librarty /
_cHenry Withers
260 _aLondon
_bThe Religious Tract Society
300 _a192 p.;
505 _aIntroductory (Page-9), The Days Before (Page-15), The Elizabethan Age (Page-21), Reformation Days (Page-27), The Puritans (Page-33), Ancestry and Early Days (Page-38), Husband And Father (Page-44), Divine Right (Page-49), Comparisons (Page-62), Oliver the Man (Page-74), Religious Experience (Page-81), The Breach Widens (Page-87), The Issue (Page-93), The Fight Begins (Page-101), The New Model Succeeds (Page-124), Drogheda and Dunbar (Page-139), Post War Difficulties (Page-152), The Major Generals (Page-166), His Last Parliament (Page-173), Toleration (Page-180), The End (Page-187).
650 _aBiography
_9461
942 _2ddc
_cBK
_k920,WIT
999 _c187182
_d187182